Baseball! : Q&A / Smithsonian Institution.
Answers a variety of questions about the history of baseball, baseball players, and how the game is played.
Record details
- ISBN: 9780060899462 (pbk.)
- ISBN: 0060899468 (pbk.)
- ISBN: 9780060899479 (trade bdg.)
- ISBN: 0060899476 (trade bdg.)
- Physical Description: 47 pages : illustrations (some color) ; 25 cm.
- Edition: 1st edition
- Publisher: New York : HaprerCollins, c2007.
Content descriptions
| Bibliography, etc. Note: | Includes bibliographical references (p. 47) and index. |
Search for related items by subject
| Subject: | Baseball > History. Baseball > Miscellanea. Baseball > History. Baseball > Miscellanea. |
| LDR | 01255cam a22003494a 4500 | ||
|---|---|---|---|
| 001 | 130493 | ||
| 003 | CONS | ||
| 005 | 20140703073305.0 | ||
| 008 | 060606s2007 nyua b 001 0 eng | ||
| 010 | . | ‡a 2006017795 | |
| 020 | . | ‡a9780060899462 (pbk.) | |
| 020 | . | ‡a0060899468 (pbk.) | |
| 020 | . | ‡a9780060899479 (trade bdg.) | |
| 020 | . | ‡a0060899476 (trade bdg.) | |
| 035 | . | ‡a(CPomAG)LMN500635 | |
| 043 | . | ‡an-us--- | |
| 050 | 0 | 0. | ‡aGV862.5 ‡b.B36 2007 |
| 082 | 0 | 0. | ‡a796.357 ‡222 |
| 245 | 0 | 0. | ‡aBaseball! : ‡bQ&A / ‡cSmithsonian Institution. |
| 250 | . | ‡a1st edition | |
| 260 | . | ‡aNew York : ‡bHaprerCollins, ‡cc2007. | |
| 300 | . | ‡a47 pages : ‡billustrations (some color) ; ‡c25 cm. | |
| 504 | . | ‡aIncludes bibliographical references (p. 47) and index. | |
| 520 | . | ‡aAnswers a variety of questions about the history of baseball, baseball players, and how the game is played. | |
| 650 | 0. | ‡aBaseball ‡xHistory. | |
| 650 | 0. | ‡aBaseball ‡vMiscellanea. | |
| 650 | 1. | ‡aBaseball ‡xHistory. | |
| 650 | 1. | ‡aBaseball ‡vMiscellanea. | |
| 710 | 2 | . | ‡aSmithsonian Institution. |
| 914 | . | ‡aSCP_ds | |
| 959 | . | ‡i32269000807001 ‡lJ796.357 Bas ‡aJuvenile - NonFiction ‡tJuv Nonfiction ‡g19.00 | |
| 852 | . | ‡p32269000807001 ‡jJ796.357 Bas ‡gJuvenile - NonFiction ‡cJuv Nonfiction ‡y19.00 ‡bSBPL | |
| 901 | . | ‡a130493 ‡bUnknown ‡c130493 ‡tbiblio | |